000 00670nam a2200253Ia 4500
003 OSt
005 20221005031958.0
006 a|||||r|||| 00| 0
007 ta
008 221004b |||||||| |||| 00| 0 fre d
020 _c03
024 _a64416
037 _cTextual
040 _aCRL
_cCRL
_bfre
041 _2fre
_afre
082 _aO122,3M50,2, 31K2
100 _aRathulan Tr.
_9584594
245 0 _aNamathu Idhayangal
260 _aChennai
_bTamil Puthakalayam India
_c1962
300 _a200p.
_ccm.
650 _aFRENCH LITERATURE
_913614
942 _hO122,3M50,2, 31K2
_cTEXL
_2cc
999 _c938825
_d938825